Tracción eléctrica / H. Parodi, Mario Viani, Francisco Planell
Descripción Física:
239 p. : il., [1] làm., [4] f. pleg. ; 21 cm
Materias:
Tracció elèctrica
MARC
| LEADER | 00000nam a2200000Ia 4500 | ||
|---|---|---|---|
| 001 | 798 | ||
| 008 | 160829s1928 xx 000 0 cat d | ||
| 080 | |a C-1-347 | ||
| 100 | |a Parodi, H. |9 36980 | ||
| 245 | |a Tracción eléctrica / H. Parodi, Mario Viani, Francisco Planell | ||
| 260 | |a Barcelona : |b Diputación Provincial de Barcelona, |c 1928 | ||
| 300 | |a 239 p. : |b il., [1] làm., [4] f. pleg. ; |c 21 cm | ||
| 650 | |a Tracció elèctrica |9 36981 | ||
| 700 | |a Viani, Mario |9 36982 | ||
| 700 | |a Planell Riera, Francisco |9 38375 | ||
| 710 | 1 | |a Barcelona (Catalunya : Província). |b Diputació |9 52408 | |
| 901 | |a Arxiu | ||
| 942 | |n 1 | ||
| 952 | |0 0 |1 0 |4 0 |6 C1347 |7 1 |9 47592 |a Arxiu |b Arxiu |d 2016-12-01 |l 0 |o C-1-347 |p 798 |r 2016-12-01 00:00:00 |w 2016-12-01 |y ARXIU | ||
| 999 | |c 51391 |d 51391 | ||